|
|
|
|
| LEADER |
01536cas a2200313 a 4500 |
| 001 |
AALejournalIMF020694 |
| 008 |
230101c9999 xx r poo 0 0eng d |
| 020 |
|
|
|c 5.00 USD
|
| 020 |
|
|
|z 9781498346344
|
| 022 |
|
|
|a 2663-3493
|
| 040 |
|
|
|a BD-DhAAL
|c BD-DhAAL
|
| 110 |
2 |
|
|a International Monetary Fund.
|
| 245 |
1 |
0 |
|a Progress Report to the IMFC on the Activities of the Independent Evaluation Office of the IMF.
|
| 264 |
|
1 |
|a Washington, D.C. :
|b International Monetary Fund,
|c 2017.
|
| 300 |
|
|
|a 1 online resource (2 pages)
|
| 490 |
1 |
|
|a Policy Papers
|
| 500 |
|
|
|a <strong>Off-Campus Access:</strong> No User ID or Password Required
|
| 500 |
|
|
|a <strong>On-Campus Access:</strong> No User ID or Password Required
|
| 506 |
|
|
|a Electronic access restricted to authorized BRAC University faculty, staff and students
|
| 520 |
3 |
|
|a Since the April 2017 report to the IMFC, the IEO has completed its evaluation on social protection, continued work on evaluations on fragile states and financial surveillance, initiated a new evaluation on advice on unconventional monetary policy, and advanced two updates.
|
| 538 |
|
|
|a Mode of access: Internet
|
| 650 |
|
7 |
|a Evaluation
|2 imf
|
| 650 |
|
7 |
|a IEO Evaluation
|2 imf
|
| 650 |
|
7 |
|a IMF Engagement
|2 imf
|
| 650 |
|
7 |
|a IMF Exchange Rate Policy Advice
|2 imf
|
| 650 |
|
7 |
|a PP
|2 imf
|
| 651 |
|
7 |
|a Greece
|2 imf
|
| 830 |
|
0 |
|a Policy Papers; Policy Paper ;
|v No. 2017/055
|
| 856 |
4 |
0 |
|z Full text available on IMF
|u http://elibrary.imf.org/view/journals/007/2017/055/007.2017.issue-055-en.xml
|z IMF e-Library
|